| 000 | 00434nam a2200145Ia 4500 | ||
|---|---|---|---|
| 008 | 230917s9999||||xx |||||||||||||| ||und|| | ||
| 040 |
_e5000123 _aMAIN |
||
| 041 | _aEnglish | ||
| 082 | _a373 H57A | ||
| 100 | _aHimani | ||
| 245 | 0 | _aAcademic procrastinations among SR. SEC. school students in relation to their personality traits, parental education and academic motivation | |
| 260 | _c2022 | ||
| 300 | _axiii, 145 p. | ||
| 942 | _cBK | ||
| 999 |
_c8962 _d8962 |
||